|
|
|
|
| LEADER |
00000nam0a2200000 4500 |
| 001 |
227217 |
| 005 |
20231101230802.0 |
| 035 |
|
|
|a (RuTPU)RU\TPU\book\247631
|
| 090 |
|
|
|a 227217
|
| 100 |
|
|
|a 20121203d1936 km y0rusy50 ca
|
| 101 |
0 |
|
|a rus
|
| 102 |
|
|
|a RU
|
| 105 |
|
|
|a a z 000zy
|
| 200 |
1 |
|
|a Испытания высоковольтных и мощных трансформаторов
|f Г. В. Алексенко
|
| 210 |
|
|
|a Москва
|a Ленинград
|c ОНТИ
|d 1936
|
| 215 |
|
|
|a 179 с.
|c ил.
|
| 606 |
1 |
|
|a Трансформаторы высоковольтные
|x Испытание
|2 stltpush
|3 (RuTPU)RU\TPU\subj\61438
|9 78626
|
| 610 |
1 |
|
|a преобразователи напряжения
|
| 610 |
1 |
|
|a трансформаторы
|
| 610 |
1 |
|
|a трансформаторные преобразователи
|
| 610 |
1 |
|
|a трансформаторное оборудование
|
| 610 |
1 |
|
|a высоковольтные трансформаторы
|
| 610 |
1 |
|
|a обмотки
|
| 610 |
1 |
|
|a нагрузки
|
| 610 |
1 |
|
|a нагрузочная способность
|
| 610 |
1 |
|
|a потери
|
| 675 |
|
|
|a 621.314.21.027.3
|v 3
|
| 700 |
|
1 |
|a Алексенко
|b Г. В.
|
| 801 |
|
1 |
|a RU
|b 63413507
|c 20121203
|
| 801 |
|
2 |
|a RU
|b 63413507
|c 20130215
|g RCR
|
| 942 |
|
|
|c BK
|